The Legend Of Zelda : Majora's Mask - Statistiques

Statistiques générales
  • Ce quiz a été pris 132 fois
  • Le résultat moyen est 44 sur 137
Statistiques - réponses
Indice Réponse % Correct
Fille de la gérante de l'auberge
de Bourg-Clocher
Anju
69%
Cheval du Héros Épona
69%
Célèbre guerrier Goron mort Darmani
68%
Masque récupéré auprès d'un Goron mort Masque Goron
67%
Goron fils de Darunia (probablement) | Héros du temps Link
65%
Premier masque du jeu (récupéré après avoir joué un chant à l'ocarina) Masque Mojo
65%
Masque récupéré auprès d'un Zora mort Masque Zora
65%
Personnage transformé en enfant par l'antagoniste principal Kafei
64%
FAIT COURIR PLUS VITE Masque du Lapin
64%
Nous rend invisible Masque de la Pierre
62%
Société secrète offrant un journal au Héros Bombers
60%
Monde parallèle à Hyrule où se déroule l'action Termina
60%
Permet de fouiller dans les boîtes aux lettres Casquette du Facteur
58%
Antagoniste principal de Majora's Mask Skull Kid
58%
Personnage permettant de conserver ses rubis Banquier
57%
Personnage féminin emblématique de la série faisant seulement une brève apparition Zelda
57%
Sœur de la tenante du Ranch qui porte d'ailleurs son nom Romani
56%
Ville au centre de ce monde Bourg-Clocher
55%
Fossoyeur du cimetière d'Ikana Igor
55%
Sorcière Gerudo Koume
55%
Permet de lire les pierres mystérieuses Masque de Vérité
55%
Masque maléfique que le héros doit retrouver Masque de Majora
54%
Vendeur de cartes burlesque nous prenant pour un lutin Tingle
54%
Sorcière Gerudo Kotake
52%
Chant indispensable nous ayant été enseigné par Zelda Chant du Temps
51%
Boss Odolwa
51%
Chanteuse du groupe de musique Zora Lulu
49%
Danseur mort n'ayant pas réussi à transmettre sa danse Kamaro
48%
Attire les poussins Masque de Brème
48%
Premier masque obtenu dans OoT Masque du Renard
48%
Permet de ne pas s'endormir Masque de la Nuit Blanche
46%
Personnage énigmatique chargeant le Héros de retrouver le masque de Majora Vendeur de Masques
46%
Permet de communiquer avec les Sakdoss Heaume du Capitaine
45%
Permet la communication avec des grenouilles Masque de Don-Gero
45%
Guitariste mort du groupe de musique Zora Mikau
45%
Fée de sexe masculin, violet et rouge Tael
45%
Sœur de ce dernier qui va aider le Héros durant le jeu Taya
45%
Nous rend immense Masque du Géant
44%
Boss Rhork
44%
Premier frère musicien Bémol
43%
Permet d'exécuter quelques pas de danses Masque de Kamaro
43%
Résout les problèmes du maire Masque des Amoureux
43%
Permet de communiquer avec les effrois Masque de la Momie
42%
Obtenue en battant les frères malhonnêtes à une course Cagoule Garo
40%
Tenante du Ranch Cremia
40%
Ranch au sud-ouest de la ville Ranch Romani
40%
Deuxième frère musicien Dièse
39%
Puîné des frères malhonnêtes Gorman
39%
Vous trouverez mieux les champignons avec Masque des Parfums
39%
A l'effet d'une bombe Masque d'Explosion
39%
Zone à l'ouest de cette ville Grande Baie
38%
Permet d'obtenir des informations sur un personnage en particulier Masque de Kafei
38%
Permet de localiser les fées perdues Masque des Grandes Fées
38%
Boss Gyorg
37%
Transformation du Héros en guerrier surpuissant Oni Link
37%
Permet de retrouver son apparence humaine Chant de l'Apaisement
36%
Permet de faire pleuvoir Chant des Tempêtes
36%
4ème temple Forteresse de Pierre
36%
Zone au nord de cette ville Pic des Neiges
35%
Monarque du royaume Mojo Roi Mojo
35%
3ème temple Temple de la Grande Baie
35%
Permet de se téléporter à une statue de hibou Chant de l'Envol
33%
Invoque le cheval du Héros du Temps Chant d'Epona
33%
Zone entourant la ville Plaine de Termina
33%
Boss Skorn
32%
2ème temple Temple du Pic des Neiges
32%
Gardien du second temple Biggoron
31%
Membre de la troupe Gorman déjà présent dans le moulin de Cocorico dans OoT Guru-Guru
31%
Hibou sensé nous aider Kaepora Gaebora
31%
Nous est appris par l'épouvantail Chant du Temps Inversé
30%
Voleur sévissant dans la ville Sakon
30%
Est composée par le joueur, permet d'invoquer un épouvantail Chant de l'Épouvantail
27%
Nous est appris par l'épouvantail Chant du Temps accéléré
27%
Nous transforme en un guerrier surpuissant Masque de la Puissance des Fées
27%
Épouvantail Pierre
27%
La ville est composée de quatre quartiers et du... Lavoir
26%
Petite fille vivant dans le moulin à Musique Pamela
26%
Permet de faire des clones de soi-même Hymne du vide
25%
Véritable carte d'accès au bar Masque de Romani
25%
Seul bar de la ville Milk Bar
25%
Nous donne l'accès au premier temple Sonate de l'Éveil
25%
Mari décédé de la tenante de l'auberge de Bourg-Clocher Tortus
25%
Femme du maire de Bourg-Clocher Madame Aroma
24%
Chef des pirates Avei
23%
Masque obtenu en recomposant La Ballade du Poisson-Rêve Masque du Directeur du Cirque
23%
Invoque les gardiens de ce monde Ode de l'Appel
23%
Nous est apprise par des têtards Bossa-nova des Flots
21%
Serviteur du roi Mojo Majordome Mojo
21%
Zone au sud de cette ville Marais Mojo
21%
1er temple Temple de Bois-Cascades
21%
Entités créées par le masque de Majora vivant à la surface de la Lune Enfants de la Lune
20%
Maire de Bourg-Clocher Maire Dotour
20%
Forteresse dans la zone sud Palais Mojo
20%
Leader, pianiste et compositeur du groupe Zora Evan
18%
Groupe de musique Zora Indigo-Go's.
18%
Chef de la société secrète Jim
18%
Renard jaune à trois queues Keaton
18%
Chef des charpentiers Mutoh
18%
Sœurs jumelles danseuses membre de la troupe Gorman Sœurs Rosa
18%
Tour au centre de la ville Tour de l'Horloge
18%
Endort les êtres proches de nous Berceuse des Gorons
17%
Bastion où se terrent les Gerudos Forteresse des Pirates
17%
Frères résidant aux rapides de la Cascade (Grande Baie) Frères Castors
17%
Frères malhonnêtes vivant sur la route du lait Frères Gorman
17%
Propriétaire de la Hutte des Cocottes Grog
15%
GardienS de Termina Quatre Géants
15%
Soldat invisible de la vallée d'Ikana Shiro
15%
Manager du groupe de musique Zora Toto
15%
Chef de la garde de Bourg-Clocher Capitaine Viscen
14%
Tenante de la course de chiens Madame Yan
14%
Enseigne différentes attaques au Héros Maître d'Armes
14%
Zone à l'est de cette ville Canyon Ikana
13%
Main énigmatique nous demandant du papier Main des toilettes
13%
Capitaine de l'armée d'Ikana Crâne de Pierre
12%
L'un des deux amoureux, propriétaires d'une boutique en ville,Le Manège des Amoureux Darling
12%
Assistant du forgeron Gabora
12%
Doyen des Gorons Ancètre Goron
11%
Petit frère du gardien du second temple et vendeur de baril de poudre Medigoron
11%
Mini-Boss Grand Maître des Garos
10%
Grand mère de la fille de la tenante de l'auberge Granny
10%
Homme transformé en Skulltula Homme Maudit
10%
L'un des deux amoureux, propriétaires d'une boutique en ville,Le Manège des Amoureux Honey
10%
Organise un concours photo dont le premier prix est une croisière gratuite Office du Tourisme
10%
Mini-Boss Glob'Œil
8%
Bassiste du groupe de musique Zora Japas
8%
Permet au héros d'accéder à la vallée d'Ikana Marchand d'âmes
8%
Forgeron Zubora
8%
Probable mari de la grand-mère de la fille de la tenante de l'auberge (ouf!) Gampy
7%
Propriétaire du bar de Bourg-Clocher Monsieur Barten
7%
Là où vit l'astronome (possède aussi une musique apaisante) Observatoire Céleste
7%
Nom de l'une des deux sœurs danseuses Marilla
6%
Astronome Professeur Shikashi
6%
Batteur du groupe de musique Zora Tijo
6%
Nom de l'une des deux sœurs danseuses Judo
5%
Mini-Boss Metal Dinolfos
5%
Mini-Boss Sorce-Robes
1%
Aucun quiz correspondant
Distribution des résultats
% des personnes avec chaque résultat
Percentile par nombre de réponses
Votre historique - résultats
Vous n’avez pas pris ce quiz